000 00278nam a22001337a 4500
008 170529b xxu||||| |||| 00| 0 eng d
020 _a9781418052751
041 _aeng
080 _26TH
_a62
100 _a25
101 _aIM
245 _aWELDING
_cJEFFUS,L
942 _2udc
_cBK
999 _c14881
_d14881